The fragmentation of Afghanistan : (Record no. 15509)
[ view plain ]
| 000 -LEADER | |
|---|---|
| fixed length control field | 01061cam a2200301 a 4500 |
| 001 - CONTROL NUMBER | |
| control field | 12605403 |
| 005 - DATE AND TIME OF LATEST TRANSACTION | |
| control field | 20170105102919.0 |
| 008 - FIXED-LENGTH DATA ELEMENTS--GENERAL INFORMATION | |
| fixed length control field | 011203s2002 ctuaab b 001 0 eng |
| 010 ## - LIBRARY OF CONGRESS CONTROL NUMBER | |
| LC control number | 2001098990 |
| 020 ## - INTERNATIONAL STANDARD BOOK NUMBER | |
| International Standard Book Number | 0300095201 (cloth : alk. paper) |
| 020 ## - INTERNATIONAL STANDARD BOOK NUMBER | |
| International Standard Book Number | 0300095198 (pbk. : alk. paper) |
| 035 ## - SYSTEM CONTROL NUMBER | |
| System control number | (DLC) 2001098990 |
| 040 ## - CATALOGING SOURCE | |
| Original cataloging agency | DLC |
| Transcribing agency | DLC |
| 042 ## - AUTHENTICATION CODE | |
| Authentication code | pcc |
| 043 ## - GEOGRAPHIC AREA CODE | |
| Geographic area code | a-af--- |
| 050 00 - LIBRARY OF CONGRESS CALL NUMBER | |
| Classification number | DS371.2 |
| Item number | .R8 2002 |
| 082 00 - DEWEY DECIMAL CLASSIFICATION NUMBER | |
| Classification number | 958.104/5 |
| Edition number | 21 |
| 100 1# - MAIN ENTRY--PERSONAL NAME | |
| Personal name | Rubin, Barnett R. |
| 245 14 - TITLE STATEMENT | |
| Title | The fragmentation of Afghanistan : |
| Remainder of title | state formation and collapse in the international system / |
| Statement of responsibility, etc. | Barnett R. Rubin. |
| 250 ## - EDITION STATEMENT | |
| Edition statement | 2nd ed. |
| 260 ## - PUBLICATION, DISTRIBUTION, ETC. | |
| Place of publication, distribution, etc. | New Haven, CT : |
| Name of publisher, distributor, etc. | Yale University Press, |
| Date of publication, distribution, etc. | 2002. |
| 300 ## - PHYSICAL DESCRIPTION | |
| Extent | xlu, 378 p. : |
| Other physical details | ill., maps ; |
| Dimensions | 25 cm. |
| 504 ## - BIBLIOGRAPHY, ETC. NOTE | |
| Bibliography, etc. note | Includes bibliographical references (p. 349-365) and index. |
| 651 #0 - SUBJECT ADDED ENTRY--GEOGRAPHIC NAME | |
| Geographic name | Afghanistan |
| General subdivision | History |
| Chronological subdivision | Soviet occupation, 1979-1989. |
| 906 ## - LOCAL DATA ELEMENT F, LDF (RLIN) | |
| a | 7 |
| b | cbc |
| c | orignew |
| d | 2 |
| e | epcn |
| f | 20 |
| g | y-gencatlg |
| 942 ## - ADDED ENTRY ELEMENTS (KOHA) | |
| Source of classification or shelving scheme | |
| Koha item type | Book |
| Withdrawn status | Lost status | Damaged status | Not for loan | Collection code | Permanent Location | Current Location | Shelving location | Date acquired | Total Checkouts | Full call number | Barcode | Date last seen | Price effective from | Koha item type |
|---|---|---|---|---|---|---|---|---|---|---|---|---|---|---|
| Centre for International Peace & Stability (CIPS) | Centre for International Peace & Stability (CIPS) | General Stacks | 10/02/2013 | 958.1045 RUB 2002 | CIPS0002142 | 12/03/2013 | 12/03/2013 | Book |
